000
00269nam a2200121Ia 4500
008
190216s9999||||xx |||||||||||||| ||und||
100
_a
Panikkar Km
245
0
_a
History Of Kerala
260
_b
S Chand & Co
_c
1987
300
_a
465p
650
_a
History
942
_c
BK
999
_c
18629
_d
18629